[Event "37th Olympiad w"]
[Site "Turin ITA"]
[Date "2006.06.04"]
[Round "13"]
[White "Sammalvuo, Niina"]
[Black "Houska, Jovanka"]
[Result "1-0"]
[WhiteElo "2249"]
[BlackElo "2378"]
[PlyCount "117"]
[EventDate "2006.05.21"]

1. e4 c6 2. d3 d5 3. Nd2 g6 4. Ngf3 Bg7 5. g3 e5 6. Bg2 Ne7 7. O-O O-O 8. b3 d4
9. a4 c5 10. Ba3 b6 11. b4 cxb4 12. Bxb4 Nbc6 13. Ba3 Qc7 14. Nc4 Rd8 15. Nfd2
Be6 16. f4 exf4 17. gxf4 f6 18. f5 Bf7 19. Bxe7 Qxe7 20. fxg6 hxg6 21. e5 Nxe5
22. Bxa8 Nxc4 23. Nxc4 Rxa8 24. Qf3 Rc8 25. Rae1 Qd7 26. Qg3 Rc5 27. Qb8+ Kh7
28. Rf3 Bxc4 29. dxc4 Rxc4 30. Re2 Rxa4 31. Kf2 Ra5 32. Qg3 Rh5 33. Rf4 g5 34.
Qd3+ Kh6 35. Rxd4 Qc7 36. h3 Qc5 37. Kf1 a5 38. Re8 Qc6 39. Rd7 Qh1+ 40. Ke2
Qg2+ 41. Kd1 Qh1+ 42. Kd2 Qh2+ 43. Kc1 Qf4+ 44. Kb1 Qb4+ 45. Qb3 Qxb3+ 46. cxb3
Kg6 47. Rg8 Rh7 48. Rb7 f5 49. Rxb6+ Kf7 50. Ra8 Rxh3 51. Ra7+ Kg8 52. Rb8+ Bf8
53. Raa8 Kg7 54. Rxf8 Rxb3+ 55. Kc2 Rf3 56. Rg8+ Kh6 57. Rh8+ Kg6 58. Ra6+ Kg7
59. Rb8 1-0

[Event "37th Olympiad w"]
[Site "Turin ITA"]
[Date "2006.06.04"]
[Round "13"]
[White "Puuska, Heini"]
[Black "Bellin, Jana"]
[Result "0-1"]
[WhiteElo "2030"]
[BlackElo "2170"]
[PlyCount "54"]
[EventDate "2006.05.21"]

1. d4 Nf6 2. Bg5 e6 3. Nd2 d5 4. e4 dxe4 5. Nxe4 Be7 6. Bxf6 Bxf6 7. Nf3 Nd7 8.
Nxf6+ Nxf6 9. Bd3 O-O 10. O-O b6 11. c3 Bb7 12. Re1 h6 13. Ne5 Qd5 14. f3 c5
15. Be4 Nxe4 16. fxe4 Qd6 17. Qh5 cxd4 18. Rad1 Rad8 19. Rf1 Qc5 20. b4 Qe7 21.
Rf4 Qg5 22. Qxg5 hxg5 23. Rg4 dxc3 24. Rc1 Rc8 25. Nf3 Rfd8 26. Nxg5 c2 27. Rf4
Ba6 0-1